Statistics for Biggest Trading Partners - Burundi

Click here to take the quiz!

General Stats

  • This quiz has been taken 7 times
  • The average score is 17 of 20

Answer Stats

Export (By Percent)Country% Correct
2. 14.1%China
100%
2. 18.6%Democratic Republic of the Congo
100%
7. 2.5%Egypt
100%
10. 1.9%Ethiopia
100%
5. 8.5%India
100%
7. 5.4%Kenya
100%
1. 14.7%Saudi Arabia
100%
6. 6.0%Uganda
100%
3. 13.9%United Arab Emirates
100%
1. 28.0%United Arab Emirates
100%
9. 2.0%United Kingdom
100%
8. 3.3%Japan
83%
6. 4.8%Tanzania
83%
4. 9.1%Tanzania
83%
4. 8.0%Belgium
67%
9. 2.5%Belgium
67%
8. 2.1%Oman
67%
5. 4.9%Pakistan
67%
3. 9.5%Switzerland
50%
10. 2.2%Zambia
50%

Score Distribution

Percentile by Number Answered

Percent of People with Each Score

Your Score History

You have not taken this quiz